| 000 | 00345nam a2200133Ia 4500 | ||
|---|---|---|---|
| 005 | 20260328104344.0 | ||
| 008 | 260328s9999||||xx |||||||||||||| ||und|| | ||
| 100 | _aPaz, Rodrigo | ||
| 245 | 0 |
_aEl Fondo de Salvamiento, municipio de Quito 1988-1992. / _cRodrigo Paz |
|
| 260 | _bMariscal | ||
| 300 | _a162 p. | ||
| 650 | _aECUADOR | ||
| 942 | _cBK | ||
| 999 |
_c12226 _d12226 |
||